[Event "CAN-op"]
[Site "Edmonton CAN"]
[Date "2000.07.09"]
[Round "2"]
[White "Harris, Greg"]
[Black "Lauritson, Jim"]
[Result "1/2-1/2"]
[WhiteElo "1787"]
[BlackElo "2057"]
[PlyCount "70"]
[GameId "2160767911677997"]
[EventDate "2000.07.08"]
[EventType "swiss"]
[EventRounds "10"]
[EventCountry "CAN"]

1. e4 c5 2. Nc3 Nc6 3. f4 a6 4. Nf3 g6 5. a4 Bg7 6. Bc4 e6 7. O-O Nge7 8. d3 O-O 9. Ne2 d5 10. Bb3 b6 11. c3 Bb7 12. Bc2 dxe4 13. dxe4 Qxd1 14. Rxd1 Rfd8 15. Be3 Kf8 16. Rd2 Rxd2 17. Nxd2 Na5 18. Rd1 Nc8 19. e5 Ne7 20. Ne4 Nd5 21. Bc1 Ke7 22. b3 f6 23. exf6+ Nxf6 24. Nxf6 Bxf6 25. Kf2 Rd8 26. Rxd8 Kxd8 27. g3 Kc7 28. Bd2 b5 29. c4 Kb6 30. axb5 axb5 31. cxb5 Kxb5 32. Nc3+ Bxc3 33. Bxc3 Nc6 34. Ke3 Nb4 35. Bd3+ Nxd3 1/2-1/2

[Event "CAN-op"]
[Site "Edmonton CAN"]
[Date "2000.07.09"]
[Round "2"]
[White "Haynes, Nicolas"]
[Black "Carayanniotis, George"]
[Result "1-0"]
[WhiteElo "1795"]
[BlackElo "998"]
[PlyCount "52"]
[GameId "2160767911677998"]
[EventDate "2000.07.08"]
[EventType "swiss"]
[EventRounds "10"]
[EventCountry "CAN"]

1. e4 d6 2. d4 g6 3. Nc3 c6 4. a4 a5 5. f4 Nd7 6. Nf3 Bg7 7. e5 d5 8. Bd3 e6 9. O-O Ne7 10. Qe1 O-O 11. b3 f5 12. Qh4 h6 13. Ba3 Rf7 14. Qg3 Kh7 15. Nh4 b6 16. Bxe7 Qxe7 17. Nxg6 Qb4 18. Ne2 c5 19. c3 Qxb3 20. Rfb1 Qxb1+ 21. Rxb1 Ba6 22. Bxa6 Rxa6 23. Nh4 Ra8 24. Qg6+ Kg8 25. Qxe6 Nf8 26. Qxd5 Re8 1-0

[Event "CAN-op"]
[Site "Edmonton CAN"]
[Date "2000.07.09"]
[Round "2"]
[White "Kazakevich, Alexander"]
[Black "Caron, Harvey"]
[Result "1/2-1/2"]
[WhiteElo "1752"]
[BlackElo "1736"]
[PlyCount "116"]
[GameId "2160767911677999"]
[EventDate "2000.07.08"]
[EventType "swiss"]
[EventRounds "10"]
[EventCountry "CAN"]

1. d4 Nf6 2. c4 g6 3. Nc3 Bg7 4. Nf3 O-O 5. e4 d6 6. h3 c5 7. d5 e5 8. Be3 Na6 9. Be2 h6 10. Qd2 Kh7 11. h4 Ng4 12. h5 Nxe3 13. hxg6+ fxg6 14. fxe3 Nc7 15. a4 a6 16. Kd1 Rb8 17. Kc2 Bd7 18. a5 b5 19. axb6 Rxb6 20. Kd3 Qe7 21. Bd1 Rfb8 22. b3 g5 23. Qf2 Rf8 24. Qg3 Kg8 25. Nd2 Rbb8 26. Bg4 Rf7 27. Qh3 Bxg4 28. Qxg4 Rbf8 29. Ne2 Qd7 30. Qxd7 Rxd7 31. Ng3 Kf7 32. Nf5 Kg6 33. g4 Rh8 34. Rh2 Bf8 35. Rah1 Rdh7 36. Rh5 Ne8 37. Ra1 Ra7 38. Rhh1 h5 39. gxh5+ Rxh5 40. Rxh5 Kxh5 41. Rh1+ Kg6 42. Rh8 Rf7 43. Nf3 Nf6 44. Rh1 Rh7 45. Rg1 g4 46. Nd2 Rb7 47. Ra1 Ra7 48. Ra4 a5 49. Nb1 Nh5 50. Nc3 Ng7 51. Nxg7 Kxg7 52. Nb5 Ra6 53. Ra1 Kf7 54. Rg1 Ke7 55. Rxg4 a4 56. bxa4 Rxa4 57. Rg6 Kd7 58. Rf6 Be7 1/2-1/2

[Event "CAN-op"]
[Site "Edmonton CAN"]
[Date "2000.07.09"]
[Round "2"]
[White "Kazakevich, Anastasia"]
[Black "Quiring, John"]
[Result "0-1"]
[WhiteElo "1608"]
[BlackElo "1977"]
[PlyCount "104"]
[GameId "2160767911678000"]
[EventDate "2000.07.08"]
[EventType "swiss"]
[EventRounds "10"]
[EventCountry "CAN"]

1. d4 c5 2. c4 cxd4 3. Qxd4 Nc6 4. Qd1 g6 5. Nf3 Bg7 6. g3 d6 7. Bg2 Bg4 8. O-O Qd7 9. Qd2 Rc8 10. Nc3 Na5 11. b3 b5 12. Bb2 bxc4 13. b4 Nc6 14. a3 Nf6 15. Rfd1 O-O 16. Rac1 Rfd8 17. Nb1 d5 18. Nd4 Nxd4 19. Bxd4 Qc7 20. Qb2 Bh6 21. f4 Ne8 22. Rd2 e6 23. e3 Bg7 24. Bxg7 Nxg7 25. Qd4 Nf5 26. Qc3 Qb6 27. Re1 Nd6 28. Qc2 Bf5 29. Qb2 Be4 30. Bxe4 Nxe4 31. Rc2 Nd6 32. Nc3 Rb8 33. Qc1 Rd7 34. Qd2 a5 35. Rb2 Ra7 36. Reb1 Qc7 37. b5 Rab7 38. a4 Rb6 39. Ne2 Qc5 40. Nd4 Nb7 41. Nc6 c3 42. Qe2 cxb2 43. Nxb8 Qc1+ 44. Qf1 Qxe3+ 45. Qf2 Qxf2+ 46. Kxf2 Nc5 47. Nc6 Nxa4 48. Nxa5 Rxb5 49. Nc6 Nc3 50. Nd4 Rb6 51. Re1 b1=Q 52. Rxb1 Rxb1 0-1

[Event "CAN-op"]
[Site "Edmonton CAN"]
[Date "2000.07.09"]
[Round "2"]
[White "Kleist, Carol"]
[Black "Beebe, Greg"]
[Result "0-1"]
[WhiteElo "1607"]
[BlackElo "1861"]
[PlyCount "72"]
[GameId "2160767911678001"]
[EventDate "2000.07.08"]
[EventType "swiss"]
[EventRounds "10"]
[EventCountry "CAN"]

1. d4 d5 2. c4 c6 3. Nf3 g6 4. Nc3 Bg7 5. e3 Nf6 6. Bd3 O-O 7. O-O Qc7 8. cxd5 Nxd5 9. e4 Nf4 10. Bxf4 Qxf4 11. Ne2 Qc7 12. Rc1 Nd7 13. Bc4 b5 14. Bxb5 c5 15. Bxd7 Qxd7 16. Rxc5 Qg4 17. Qc2 Bb7 18. Ng3 Rfc8 19. Re1 Qd7 20. Rd1 e6 21. Rc1 Bh6 22. Rd1 Bf8 23. Rxc8 Rxc8 24. Qd2 Qa4 25. b3 Qa3 26. Rb1 Bb4 27. Qb2 Qxb2 28. Rxb2 Rc1+ 29. Nf1 Ba6 30. h3 Bxf1 31. Kh2 Bc3 32. Rd2 Bxd2 33. Nxd2 Bd3 34. f3 Rc2 35. Nc4 Bxc4 36. bxc4 Rxc4 0-1

[Event "CAN-op"]
[Site "Edmonton CAN"]
[Date "2000.07.09"]
[Round "2"]
[White "Kleist, Frederick"]
[Black "Watson, Michael"]
[Result "1-0"]
[WhiteElo "2139"]
[BlackElo "1241"]
[PlyCount "47"]
[GameId "2160767911678002"]
[EventDate "2000.07.08"]
[EventType "swiss"]
[EventRounds "10"]
[EventCountry "CAN"]

1. d4 d5 2. c4 e6 3. Nc3 Nf6 4. Bg5 Nbd7 5. e3 Be7 6. Nf3 O-O 7. Qc2 c6 8. O-O-O Re8 9. h4 h6 10. g4 Nf8 11. Bxf6 Bxf6 12. g5 hxg5 13. hxg5 Bxg5 14. Ne5 Bf6 15. Rh8+ Kxh8 16. Nxf7+ Kg8 17. Nxd8 Rxd8 18. f4 dxc4 19. Bxc4 b5 20. Bb3 a5 21. Qg2 a4 22. Bc2 b4 23. Nxa4 Rd5 24. Nb6 1-0

[Event "CAN-op"]
[Site "Edmonton CAN"]
[Date "2000.07.09"]
[Round "2"]
[White "Li, Zhuoran"]
[Black "Kesteris, Imants"]
[Result "0-1"]
[WhiteElo "1473"]
[BlackElo "1744"]
[PlyCount "94"]
[GameId "2160767911678005"]
[EventDate "2000.07.08"]
[EventType "swiss"]
[EventRounds "10"]
[EventCountry "CAN"]

1. e4 e5 2. Nf3 Nc6 3. Nc3 Bc5 4. Nxe5 Bxf2+ 5. Kxf2 Nxe5 6. d4 Ng6 7. Be3 d6 8. Bc4 Nf6 9. Rf1 Ng4+ 10. Ke2 O-O 11. Qd2 Nxh2 12. Rh1 Ng4 13. Bg5 Qe8 14. Raf1 h6 15. Bxh6 c6 16. Kd1 d5 17. exd5 gxh6 18. Re1 Qd8 19. dxc6 Qg5 20. Qxg5 hxg5 21. Rhf1 bxc6 22. Kc1 Kg7 23. d5 cxd5 24. Nxd5 Be6 25. Bb3 Rac8 26. Nc3 Bxb3 27. axb3 Rfe8 28. Ne4 f6 29. Nd6 Rxe1+ 30. Rxe1 Rd8 31. Nb5 Rd7 32. Re4 Nf2 33. Re1 Ne5 34. Kb1 a6 35. Nc3 Kg6 36. Na4 Rd1+ 37. Rxd1 Nxd1 38. Nc5 a5 39. Nb7 Nc6 40. Nc5 Ne3 41. g3 Nf1 42. Ne4 f5 43. Nf2 Nxg3 44. Nd3 Ne2 45. c4 g4 46. Kc2 g3 47. Kd2 g2 0-1

[Event "CAN-op"]
[Site "Edmonton CAN"]
[Date "2000.07.09"]
[Round "2"]
[White "Lipnowski, Irwin"]
[Black "Clark, Alan"]
[Result "1-0"]
[WhiteElo "2349"]
[BlackElo "2003"]
[PlyCount "71"]
[GameId "2160767911678006"]
[EventDate "2000.07.08"]
[EventType "swiss"]
[EventRounds "10"]
[EventCountry "CAN"]

1. c4 Nf6 2. Nf3 e6 3. g3 b6 4. Bg2 Bb7 5. O-O Be7 6. b3 O-O 7. Bb2 c5 8. d3 d6 9. Nbd2 Nbd7 10. Qc2 a6 11. Rac1 Rc8 12. Qb1 b5 13. Qa1 Qb6 14. Rfe1 Rfe8 15. Bc3 b4 16. Bb2 a5 17. Rcd1 a4 18. Qb1 Ra8 19. d4 axb3 20. axb3 cxd4 21. Bxd4 Nc5 22. Ng5 Bxg2 23. Kxg2 h6 24. Nge4 Qc6 25. f3 Ncxe4 26. Nxe4 Nxe4 27. Qxe4 Qxe4 28. fxe4 Ra3 29. Rd3 Rea8 30. Be3 Bf6 31. Bd2 Rb8 32. Bf4 Bc3 33. Bxd6 Bxe1 34. Bxb8 Bc3 35. c5 Ra8 36. c6 1-0

[Event "CAN-op"]
[Site "Edmonton CAN"]
[Date "2000.07.09"]
[Round "2"]
[White "Lipnowski, Michael"]
[Black "Sexsmith, Kyle"]
[Result "1-0"]
[WhiteElo "1618"]
[BlackElo "1566"]
[PlyCount "85"]
[GameId "2160767911678007"]
[EventDate "2000.07.08"]
[EventType "swiss"]
[EventRounds "10"]
[EventCountry "CAN"]

1. d4 Nf6 2. c4 e6 3. Nc3 c5 4. d5 exd5 5. cxd5 g6 6. e4 d6 7. Nf3 b5 8. Bxb5+ Bd7 9. Bxd7+ Nbxd7 10. O-O Bg7 11. Re1 O-O 12. Bf4 Qb6 13. Qc2 Rfe8 14. Rab1 Rac8 15. Nd2 Ne5 16. Bxe5 dxe5 17. Nc4 Qa6 18. Qa4 Qxa4 19. Nxa4 Bf8 20. Rbd1 Rc7 21. d6 Rc6 22. d7 Rd8 23. Nxe5 Rd6 24. Rxd6 Bxd6 25. Nc6 Rxd7 26. e5 Bf8 27. exf6 Rd6 28. Ne7+ Kh8 29. Nxc5 Rxf6 30. Nd7 Bxe7 31. Nxf6 Bxf6 32. b3 Kg8 33. Kf1 Kf8 34. Ke2 Ke7 35. Kd3+ Kd6 36. Kc4 Kc6 37. Re8 Kb6 38. Rf8 Be5 39. Rxf7 Bxh2 40. Rxh7 Bg1 41. Rf7 a5 42. Rf6+ Kc7 43. Kb5 1-0

[Event "CAN-op"]
[Site "Edmonton CAN"]
[Date "2000.07.09"]
[Round "2"]
[White "Lipnowski, Samuel"]
[Black "Tyomkin, Dimitri"]
[Result "0-1"]
[WhiteElo "2009"]
[BlackElo "2512"]
[PlyCount "138"]
[GameId "2160767911678008"]
[EventDate "2000.07.08"]
[EventType "swiss"]
[EventRounds "10"]
[EventCountry "CAN"]

1. e4 c5 2. Nf3 e6 3. d4 cxd4 4. Nxd4 a6 5. Bd3 g6 6. O-O Bg7 7. c3 d6 8. Nd2 Nf6 9. N2f3 Nbd7 10. Bg5 h6 11. Bh4 Qc7 12. Qe2 O-O 13. Rad1 b6 14. Bg3 Nh5 15. Rd2 Bb7 16. Rfd1 Nxg3 17. hxg3 h5 18. Re1 b5 19. Bb1 Nb6 20. Nb3 Nc4 21. Rdd1 Rac8 22. Nc1 Qb6 23. Nd3 Rfd8 24. Ng5 Bh6 25. Nf3 Qc7 26. Nb4 Bg7 27. Nd3 a5 28. a3 Ba6 29. Nh2 d5 30. exd5 Rxd5 31. Nf4 Rxd1 32. Rxd1 Qe5 33. Qxe5 Bxe5 34. Nd3 Bf6 35. Nf3 Bb7 36. Ba2 Be4 37. Bxc4 bxc4 38. Nde5 Bd5 39. Nd7 Bd8 40. Nde5 Kg7 41. Nd4 Bc7 42. Nef3 Rd8 43. Rd2 Kf6 44. Ne1 g5 45. Nec2 Be4 46. Ne3 e5 47. Nf3 Bd3 48. Ne1 e4 49. N1c2 Bb6 50. a4 Ke6 51. Na3 Rc8 52. Nec2 f5 53. Nb5 f4 54. Ncd4+ Ke5 55. gxf4+ gxf4 56. Rd1 Bxd4 57. Nxd4 Rc7 58. Re1 Rb7 59. Nb5 Kd5 60. Rc1 Rg7 61. Nd4 f3 62. g3 Rb7 63. Nb5 h4 64. Re1 Rg7 65. Nd4 hxg3 66. Nxf3 gxf2+ 67. Kxf2 Rf7 68. Kg2 Rxf3 69. Rh1 Rf5 0-1

[Event "CAN-op"]
[Site "Edmonton CAN"]
[Date "2000.07.09"]
[Round "2"]
[White "MacNab, John"]
[Black "Tassone, Adam"]
[Result "1-0"]
[WhiteElo "1674"]
[BlackElo "1258"]
[PlyCount "77"]
[GameId "2160767911678009"]
[EventDate "2000.07.08"]
[EventType "swiss"]
[EventRounds "10"]
[EventCountry "CAN"]

1. e4 e5 2. d4 exd4 3. Nf3 Nc6 4. Nxd4 Qh4 5. Nc3 Bb4 6. Be2 Qxe4 7. Ndb5 Qe5 8. O-O Bd6 9. Nxd6+ Qxd6 10. Qxd6 cxd6 11. Nd5 Kd8 12. c3 Nge7 13. Bf3 Nxd5 14. Bxd5 Ne5 15. f4 Nd3 16. Bxf7 Nxc1 17. Raxc1 b6 18. Bd5 Rb8 19. Rcd1 Kc7 20. Rf3 Re8 21. Rfd3 Re2 22. R3d2 Rxd2 23. Rxd2 Ba6 24. c4 b5 25. Rc2 bxc4 26. Bxc4 Bxc4 27. Rxc4+ Kd8 28. b3 a5 29. Kf2 Rb4 30. Rxb4 axb4 31. Ke3 Kc7 32. Kd4 Kc6 33. Kc4 g6 34. Kxb4 d5 35. Kc3 Kc5 36. a4 d4+ 37. Kd3 h5 38. a5 Kb5 39. b4 1-0

[Event "CAN-op"]
[Site "Edmonton CAN"]
[Date "2000.07.09"]
[Round "2"]
[White "Marghetis, Aris"]
[Black "Schulte, Oliver"]
[Result "0-1"]
[WhiteElo "2009"]
[BlackElo "2446"]
[PlyCount "100"]
[GameId "2160767911678010"]
[EventDate "2000.07.08"]
[EventType "swiss"]
[EventRounds "10"]
[EventCountry "CAN"]

1. e4 Nf6 2. e5 Nd5 3. d4 d6 4. Nf3 Bg4 5. Be2 c6 6. O-O Bxf3 7. Bxf3 dxe5 8. dxe5 e6 9. c4 Ne7 10. Qxd8+ Kxd8 11. b3 Nd7 12. Bb2 Ng6 13. Re1 Bb4 14. Re3 Kc7 15. g3 Rhd8 16. a3 Bc5 17. Re2 Be7 18. h4 Nc5 19. Nd2 Rxd2 20. Rxd2 Nxb3 21. Rad1 Nxd2 22. Rxd2 Bc5 23. h5 Ne7 24. g4 Rd8 25. Rxd8 Kxd8 26. Kg2 Nc8 27. Be4 h6 28. f4 Nb6 29. Bd3 Be3 30. Kf3 Na4 31. Kxe3 Nxb2 32. Be2 Na4 33. f5 Ke7 34. Kf4 Nc5 35. g5 hxg5+ 36. Kxg5 Ne4+ 37. Kf4 exf5 38. Bd3 Ke6 39. Bc2 f6 40. exf6 Kxf6 41. Bb1 c5 42. Bc2 b6 43. Bb1 a6 44. Bd3 Nd6 45. a4 Ne4 46. Bb1 Nc3 47. Bxf5 Nxa4 48. Bc8 a5 49. Bg4 Nb2 50. Be2 a4 0-1

[Event "CAN-op"]
[Site "Edmonton CAN"]
[Date "2000.07.09"]
[Round "2"]
[White "Martin, Steve"]
[Black "Mair, Bob"]
[Result "1/2-1/2"]
[WhiteElo "1266"]
[BlackElo "1695"]
[PlyCount "103"]
[GameId "2160767911678011"]
[EventDate "2000.07.08"]
[EventType "swiss"]
[EventRounds "10"]
[EventCountry "CAN"]

1. d4 f5 2. c4 Nf6 3. Nc3 e6 4. Nf3 Be7 5. e3 d6 6. Bd3 O-O 7. O-O b6 8. Ng5 Ne8 9. Qf3 c6 10. Nh3 Bb7 11. d5 Qd7 12. dxe6 Qxe6 13. e4 fxe4 14. Qxe4 Qxe4 15. Bxe4 Nf6 16. Bf3 Nbd7 17. Nf4 Ne5 18. Be2 Kf7 19. b3 h6 20. Bb2 g5 21. Nh5 Kg6 22. Ng3 Rad8 23. Rad1 Rd7 24. Nce4 Nxe4 25. Bh5+ Kf6 26. Nxe4+ Kf5 27. Rfe1 Bc8 28. h3 Rdd8 29. c5 bxc5 30. g4+ Ke6 31. Nxc5+ Kf6 32. Rd3 Kg7 33. Bxe5+ dxe5 34. Rxd8 Rxd8 35. Rxe5 Bf6 36. Ne6+ Bxe6 37. Rxe6 Rd2 38. Rxc6 Rxa2 39. Rc7+ Kh8 40. Rf7 Bd4 41. b4 Rb2 42. Kg2 Rxb4 43. Rd7 Bb6 44. Rd2 Kg7 45. Be8 a5 46. Bc6 a4 47. Ra2 Bd4 48. Bxa4 Rb2 49. Rxb2 Bxb2 50. Kg3 Be5+ 51. Kf3 Kf6 52. Ke4 1/2-1/2

[Event "CAN-op"]
[Site "Edmonton CAN"]
[Date "2000.07.09"]
[Round "2"]
[White "McKay, Tom"]
[Black "Gibson, Vince"]
[Result "1-0"]
[WhiteElo "1689"]
[BlackElo "1446"]
[PlyCount "103"]
[GameId "2160767911678013"]
[EventDate "2000.07.08"]
[EventType "swiss"]
[EventRounds "10"]
[EventCountry "CAN"]

1. e4 d6 2. d4 Nf6 3. Nc3 g6 4. f4 Bg7 5. Be3 Nbd7 6. Bc4 c6 7. Bb3 Nf8 8. Nf3 Qa5 9. Qd2 Ne6 10. h3 Bd7 11. O-O-O d5 12. e5 Ng8 13. g4 Nc7 14. Qf2 Nb5 15. Bd2 Nxc3 16. Bxc3 Qc7 17. Kb1 e6 18. h4 a5 19. a3 Nh6 20. Rdg1 a4 21. Ba2 Bf8 22. Qe3 b5 23. h5 b4 24. axb4 Qb6 25. Qd2 Rb8 26. hxg6 fxg6 27. Rg2 Nf7 28. Rgh2 h6 29. Nh4 Rg8 30. Rg2 Bc8 31. Nf3 Ba6 32. Rhg1 Bc4 33. Qe1 Be7 34. Bd2 c5 35. c3 Bxa2+ 36. Kxa2 c4 37. Nh4 Kd7 38. Qf2 Nd8 39. f5 exf5 40. gxf5 g5 41. f6 Rf8 42. Ng6 Nc6 43. Nxf8+ Bxf8 44. Qf5+ Kc7 45. Qh7+ Kc8 46. Qf7 Bxb4 47. cxb4 Nxb4+ 48. Bxb4 Qxb4 49. Qxd5 Qb3+ 50. Ka1 a3 51. Qc5+ Kd8 52. Qxa3 1-0

[Event "CAN-op"]
[Site "Edmonton CAN"]
[Date "2000.07.09"]
[Round "2"]
[White "McKim, Fred"]
[Black "MacFie, Bob"]
[Result "1-0"]
[WhiteElo "2062"]
[BlackElo "1627"]
[PlyCount "73"]
[GameId "2160767911678014"]
[EventDate "2000.07.08"]
[EventType "swiss"]
[EventRounds "10"]
[EventCountry "CAN"]

1. d4 f5 2. h3 d6 3. g4 c6 4. Qd3 Qa5+ 5. Nc3 Na6 6. Bg2 Nb4 7. Qd1 e5 8. dxe5 Qxe5 9. a3 Na6 10. Nf3 Qa5 11. g5 Be6 12. Nd4 Bd7 13. Bf4 Rd8 14. b4 Qc7 15. Qd3 Ne7 16. Rd1 Ng6 17. Bg3 Qc8 18. h4 d5 19. h5 Ne7 20. O-O g6 21. h6 Kf7 22. Nf3 Be6 23. Qd4 f4 24. Qxh8 fxg3 25. Ne5+ Ke8 26. fxg3 Bg8 27. Rf4 Nc7 28. Ng4 Kd7 29. Nf6+ Ke6 30. Bh3+ Nf5 31. Bxf5+ gxf5 32. Qxg8+ Ke5 33. Qxh7 Ne6 34. Qxf5+ Kd6 35. Rh4 Kc7 36. g6 Bd6 37. g7 1-0

[Event "CAN-op"]
[Site "Edmonton CAN"]
[Date "2000.07.09"]
[Round "2"]
[White "McMaster, Carolyn"]
[Black "Newton, Geoff"]
[Result "0-1"]
[WhiteElo "1569"]
[BlackElo "2044"]
[PlyCount "56"]
[GameId "2160767911678015"]
[EventDate "2000.07.08"]
[EventType "swiss"]
[EventRounds "10"]
[EventCountry "CAN"]

1. e4 Nf6 2. Nc3 d5 3. exd5 Nxd5 4. Nxd5 Qxd5 5. Qf3 Qc5 6. c3 e5 7. d3 Be7 8. g3 Nc6 9. Ne2 Be6 10. Bg2 Rd8 11. Be3 Qb5 12. O-O h5 13. d4 Bg4 14. c4 Qxc4 15. Rfc1 Bxf3 16. Rxc4 Bxe2 17. Bxc6+ bxc6 18. Rxc6 exd4 19. Bf4 d3 20. Bd2 Bd6 21. a3 Rb8 22. b4 Rb6 23. Rc4 O-O 24. Re4 Rc6 25. Rc1 Rxc1+ 26. Bxc1 Rd8 27. f4 f5 28. Rd4 Bc5 0-1

[Event "CAN-op"]
[Site "Edmonton CAN"]
[Date "2000.07.09"]
[Round "2"]
[White "Miller, Chris"]
[Black "Hansen, Steve"]
[Result "0-1"]
[WhiteElo "1557"]
[BlackElo "1781"]
[PlyCount "56"]
[GameId "2160767911678016"]
[EventDate "2000.07.08"]
[EventType "swiss"]
[EventRounds "10"]
[EventCountry "CAN"]

1. e4 d5 2. Nf3 dxe4 3. Ne5 Nf6 4. Bc4 e6 5. Qe2 Bc5 6. Nc3 Qd4 7. f4 c6 8. d3 exd3 9. Bxd3 Nbd7 10. Nc4 Bb4 11. Bd2 Bxc3 12. bxc3 Qc5 13. Be3 Qe7 14. O-O b5 15. Nd2 Bb7 16. Nb3 a5 17. Nd4 O-O 18. g4 Nc5 19. g5 Nfe4 20. Bxe4 Nxe4 21. Qe1 Qa3 22. Bd2 Nxd2 23. Qxd2 Rad8 24. Qe1 Rfe8 25. Qg3 g6 26. h4 Rxd4 27. Rf3 Rd5 28. c4 Qc5+ 0-1

[Event "CAN-op"]
[Site "Edmonton CAN"]
[Date "2000.07.09"]
[Round "2"]
[White "Nathani, Kaleim"]
[Black "Gardner, Robert"]
[Result "0-1"]
[WhiteElo "1963"]
[BlackElo "2285"]
[PlyCount "62"]
[GameId "2160767911678017"]
[EventDate "2000.07.08"]
[EventType "swiss"]
[EventRounds "10"]
[EventCountry "CAN"]

1. e4 c5 2. Nf3 d6 3. d4 cxd4 4. Nxd4 Nf6 5. Nc3 a6 6. f3 e5 7. Nb3 Be6 8. Be3 Be7 9. Qd2 O-O 10. O-O-O a5 11. Bb5 Na6 12. Kb1 Nc7 13. a4 Nxb5 14. Nxb5 d5 15. Qf2 d4 16. Bg5 Bxb3 17. cxb3 Nxe4 18. fxe4 Bxg5 19. h4 Be3 20. Qe2 Qb6 21. g4 Rac8 22. Qd3 Rc6 23. Na3 Rc3 24. bxc3 Qxb3+ 25. Ka1 Qxa3+ 26. Kb1 Qb3+ 27. Ka1 Qxa4+ 28. Kb1 Qb3+ 29. Ka1 dxc3 30. Rh2 Bd4 31. Rc2 b5 0-1

[Event "CAN-op"]
[Site "Edmonton CAN"]
[Date "2000.07.09"]
[Round "2"]
[White "Neumann, Ralph"]
[Black "Bradbrooke, Wally"]
[Result "1-0"]
[WhiteElo "1707"]
[BlackElo "1233"]
[PlyCount "41"]
[GameId "2160767911678018"]
[EventDate "2000.07.08"]
[EventType "swiss"]
[EventRounds "10"]
[EventCountry "CAN"]

1. d4 Nf6 2. c4 e6 3. Nc3 Bb4 4. Qc2 c6 5. e4 O-O 6. e5 Ng4 7. h3 Nh6 8. Bxh6 Kh8 9. Bd2 Qb6 10. c5 Qc7 11. Bd3 g6 12. Nf3 a5 13. Bh6 Bxc3+ 14. bxc3 Rg8 15. Ng5 Re8 16. Nxf7+ Kg8 17. Nd6 Re7 18. Bxg6 b6 19. Bxh7+ Rxh7 20. Qg6+ Kh8 21. Qe8# 1-0

[Event "CAN-op"]
[Site "Edmonton CAN"]
[Date "2000.07.09"]
[Round "2"]
[White "Odachowski, Arthur"]
[Black "Hellsten, Ole"]
[Result "1-0"]
[WhiteElo "2336"]
[BlackElo "1979"]
[PlyCount "49"]
[GameId "2160767911678023"]
[EventDate "2000.07.08"]
[EventType "swiss"]
[EventRounds "10"]
[EventCountry "CAN"]

1. d4 e6 2. c4 b6 3. Nc3 Bb7 4. Nf3 f5 5. Bf4 Nf6 6. e3 d6 7. Be2 h6 8. h4 Be7 9. h5 Ne4 10. Nxe4 Bxe4 11. Rg1 Bf6 12. g4 fxg4 13. Nd2 Bb7 14. Bxg4 Qe7 15. Qc2 Nd7 16. Qg6+ Kd8 17. Bf3 c6 18. Qg2 Kc7 19. Ne4 e5 20. Bh2 Rae8 21. O-O-O c5 22. Nxd6 Bxf3 23. Nxe8+ Rxe8 24. Qxf3 cxd4 25. exd4 1-0

[Event "CAN-op"]
[Site "Edmonton CAN"]
[Date "2000.07.09"]
[Round "2"]
[White "Oliger, Mark"]
[Black "Osthoff, Dieter"]
[Result "1-0"]
[WhiteElo "1891"]
[BlackElo "1610"]
[PlyCount "29"]
[GameId "2160767911678024"]
[EventDate "2000.07.08"]
[EventType "swiss"]
[EventRounds "10"]
[EventCountry "CAN"]

1. d4 d5 2. Nf3 Nc6 3. Bf4 Bg4 4. e3 Bxf3 5. Qxf3 Nf6 6. c4 b6 7. Nc3 e6 8. Rc1 Bd6 9. Bg3 a6 10. cxd5 exd5 11. Bh4 Be7 12. Bxf6 Bxf6 13. Nxd5 Qd6 14. Nxf6+ gxf6 15. Qxc6+ 1-0

[Event "CAN-op"]
[Site "Edmonton CAN"]
[Date "2000.07.09"]
[Round "2"]
[White "Olson, Hans"]
[Black "Marks, Terry"]
[Result "1-0"]
[WhiteElo "2044"]
[BlackElo "1593"]
[PlyCount "75"]
[GameId "2160767911678025"]
[EventDate "2000.07.08"]
[EventType "swiss"]
[EventRounds "10"]
[EventCountry "CAN"]

1. e4 e6 2. d4 d5 3. exd5 exd5 4. Bd3 Bd6 5. h3 Ne7 6. Nf3 Nd7 7. O-O O-O 8. Re1 Re8 9. c4 dxc4 10. Bxc4 Nb6 11. Bb3 c6 12. Nc3 Bf5 13. Ne5 Bxe5 14. Rxe5 Qd7 15. g4 Bg6 16. h4 Ned5 17. Nxd5 Rxe5 18. Nxb6 axb6 19. dxe5 Qxd1+ 20. Bxd1 Re8 21. f4 Be4 22. Kf2 f5 23. Bf3 Bc2 24. gxf5 Bxf5 25. Be3 b5 26. Rd1 Re6 27. Rd8+ Kf7 28. Rd7+ Re7 29. Rxe7+ Kxe7 30. Kg3 Ke6 31. Bg4 g6 32. h5 Kd5 33. Bxf5 gxf5 34. Kf3 h6 35. Bb6 c5 36. e6 Kxe6 37. Bxc5 b6 38. Bf8 1-0

[Event "CAN-op"]
[Site "Edmonton CAN"]
[Date "2000.07.09"]
[Round "2"]
[White "Predescu, Sebastian"]
[Black "Winberg, Jim"]
[Result "1-0"]
[WhiteElo "2076"]
[BlackElo "1750"]
[PlyCount "55"]
[GameId "2160767911678028"]
[EventDate "2000.07.08"]
[EventType "swiss"]
[EventRounds "10"]
[EventCountry "CAN"]

1. d4 e6 2. Nf3 d5 3. Bf4 Nf6 4. e3 c5 5. c3 Nc6 6. Nbd2 Bd7 7. Bd3 h6 8. O-O Nh5 9. Bg3 Nxg3 10. hxg3 Qc7 11. Qe2 c4 12. Bc2 Bd6 13. e4 O-O-O 14. e5 Be7 15. b3 b5 16. a4 Nb8 17. axb5 Bxb5 18. bxc4 dxc4 19. Rfb1 a6 20. Nf1 g5 21. Ba4 Qc6 22. Qb2 Rd7 23. Bxb5 Qxb5 24. Qxb5 axb5 25. Rxb5 Rb7 26. Rxb7 Kxb7 27. Ne3 Rc8 28. Nd2 1-0

[Event "CAN-op"]
[Site "Edmonton CAN"]
[Date "2000.07.09"]
[Round "2"]
[White "Rowson, Jonathan"]
[Black "Thimm, Harald"]
[Result "1-0"]
[WhiteElo "2494"]
[BlackElo "2016"]
[PlyCount "69"]
[GameId "2160767911678029"]
[EventDate "2000.07.08"]
[EventType "swiss"]
[EventRounds "10"]
[EventCountry "CAN"]

1. e4 c6 2. d4 d5 3. exd5 cxd5 4. c4 Nf6 5. Nc3 e6 6. Nf3 Be7 7. cxd5 Nxd5 8. Bd3 Nc6 9. O-O O-O 10. Re1 Nf6 11. a3 a6 12. Bc2 Qc7 13. Qd3 Rd8 14. Bg5 g6 15. h4 Qb6 16. Rad1 Nh5 17. b4 Bxg5 18. hxg5 Qc7 19. Bb3 Ne7 20. Ne5 Ng7 21. Ne4 Nh5 22. Qf3 Nd5 23. Rc1 Qe7 24. Bxd5 exd5 25. Nf6+ Nxf6 26. Nxg6 Qd6 27. Ne7+ Kh8 28. gxf6 Be6 29. Re5 Rg8 30. Nxg8 Rxg8 31. Qe3 Qd8 32. Rxe6 fxe6 33. f7 Rg7 34. Qf4 Qf8 35. Rc8 1-0

[Event "CAN-op"]
[Site "Edmonton CAN"]
[Date "2000.07.09"]
[Round "2"]
[White "Schmitz, Andreas"]
[Black "Jewlal, Derrick"]
[Result "1-0"]
[WhiteElo "2182"]
[BlackElo "1908"]
[PlyCount "79"]
[GameId "2160767911678030"]
[EventDate "2000.07.08"]
[EventType "swiss"]
[EventRounds "10"]
[EventCountry "CAN"]

1. e4 c6 2. Nc3 d5 3. Qf3 d4 4. Bc4 e6 5. Nce2 b5 6. Bd3 e5 7. Qg3 Qc7 8. Nxd4 Na6 9. Ndf3 f6 10. c3 Be6 11. Bc2 Bd6 12. Ne2 O-O-O 13. O-O g5 14. Ne1 h5 15. Qe3 Nh6 16. Ng3 Ng4 17. Qe2 h4 18. Nf5 Bxf5 19. exf5 Nh6 20. a4 e4 21. axb5 Bxh2+ 22. Kh1 h3 23. g3 Bxg3 24. fxg3 Qxg3 25. Rg1 Nxf5 26. Bxe4 Qe5 27. Bxf5+ Qxf5 28. Rxa6 Rhe8 29. Qf3 Qxf3+ 30. Nxf3 Re2 31. Rxc6+ Kb7 32. Rxf6 Rf2 33. Rf7+ Kb6 34. Nxg5 Re2 35. Rh7 Rde8 36. Rxh3 Re1 37. Re3 Rh8+ 38. Kg2 Rxe3 39. dxe3 Rg8 40. e4 1-0